| 000 | 00543nam a22001933a 4500 | ||
|---|---|---|---|
| 005 | 20240315063645.0 | ||
| 008 | 010920s1999 es r 000 0 spa d | ||
| 020 | _a8470398288 | ||
| 035 | _aUPN01000111779 | ||
| 049 | _aCG | ||
| 050 | 4 |
_aPC4706 _bC3.7 |
|
| 100 | 1 | _aCascón Martín, Eugenio | |
| 245 | 1 | 0 |
_aManual del buen uso del español / _cEugenio Cascón Martín. |
| 260 |
_aMadrid : _bCastalia, _c1999 |
||
| 300 | _a454 p. | ||
| 440 | 0 |
_aCastalia instrumenta ; _v5 |
|
| 650 | 4 |
_aEspañol _xEstudio y enseñanza _97357 |
|
| 905 | _aLibro | ||
| 999 |
_c85687 _d85687 |
||